[Event "GCT Croatia Blitz 2021"]
[Site "Zagreb"]
[Date "2021.07.10"]
[Round "3"]
[White "Grischuk, Alexander"]
[Black "Korobov, Anton"]
[Result "1-0"]
[WhiteElo "2778"]
[BlackElo "2683"]
[Annotator "TA"]
[PlyCount "93"]
[EventDate "2021.07.10"]
[EventType "tourn"]
[EventCountry "CRO"]
[SourceTitle "playchess.com"]
[Source "ChessBase"]
[SourceQuality "1"]

{[%evp 11,93,-4,29,22,16,0,9,9,9,6,10,19,25,8,18,25,28,18,38,2,172,174,220,214,
209,216,217,199,190,200,193,200,195,204,202,188,212,212,208,206,212,216,225,
213,235,235,334,212,194,202,194,164,225,159,230,245,290,162,327,321,322,330,
393,381,332,343,850,853,839,828,1700,1658,2420,1197,1199,1195,1173,1145,1054,
1047,1321,1324,29983,29983]} 1. e4 e6 2. d4 d5 3. e5 c5 4. c3 Nc6 5. Nf3 Bd7 6.
Be2 Rc8 7. O-O {C02: French: Advance Variation.} h6 8. a3 cxd4 9. cxd4 {
The position is equal.} Nge7 {[#]} 10. Nc3 $5 $146 {[%mdl 8] An interesting
novelty.} ({Predecessor:} 10. b4 Nf5 11. Bb2 Qb6 12. g4 Nfe7 13. Bd3 Na5 14.
Nbd2 Nc4 15. Nxc4 dxc4 16. Be4 {0-1 (31) Leite,J (1671)-Movahedi Aliabadi,H 
(1488) Brasilia 2016}) 10... Nf5 11. Kh1 Be7 12. g4 Nh4 13. Nxh4 $1 Bxh4 14. f4
O-O 15. Be3 f5 $2 {Loses the game.} (15... Na5 $11 {and Black stays safe.}) 16.
gxf5 $18 Rxf5 17. Bd3 Qf8 18. Qg4 {[%mdl 64] [#] Double Attack} Be7 19. Rg1 Qf7
20. Bxf5 exf5 21. Qg6 Qxg6 22. Rxg6 Be8 23. Rg2 Rd8 24. Rag1 Bf8 25. Rc2 Bh5
26. Kg2 Kf7 27. Na4 Be7 28. b4 g5 (28... Ke8 {was called for.} 29. Nc5 Bxc5)
29. Rd2 Rg8 {White must now prevent ...gxf4+.} 30. Kf2 Nd8 31. Nc3 Ke6 (31...
gxf4 $142 32. Bxf4 Bh4+ 33. Kf1 Rxg1+ 34. Kxg1 Ne6) 32. Ke1 Bf3 (32... gxf4 $16
{keeps fighting.} 33. Rxg8 fxe3) 33. Rf2 Be4 34. Kd2 (34. Nxe4 $142 dxe4 35.
Rc2) 34... g4 $2 (34... Nc6 {was necessary.} 35. h3 Bd8) 35. Nxe4 dxe4 36. Rc1
Nc6 {[#]} 37. b5 $1 {[%cal Rb5c6]} Na5 38. Rc7 h5 $2 (38... Bd8 39. Rc8 Kd7)
39. d5+ {[%mdl 64] Discovered Attack, Deflection} Kxd5 40. Rxe7 h4 41. Rf1 g3
42. hxg3 Nc4+ 43. Ke2 {Intending Rd1+ and mate.} Nxe3 44. Kxe3 Rxg3+ 45. Ke2 h3
46. Rxb7 Rxa3 47. Rd7+ {Weighted Error Value: White=0.13/Black=0.56} 1-0

[Event "GCT Croatia Blitz 2021"]
[Site "Zagreb"]
[Date "2021.07.10"]
[Round "3"]
[White "Vachier-Lagrave, Maxime"]
[Black "Anand, Viswanathan"]
[Result "1/2-1/2"]
[WhiteElo "2749"]
[BlackElo "2753"]
[Annotator "TA"]
[PlyCount "126"]
[EventDate "2021.07.10"]
[EventType "tourn"]
[EventCountry "CRO"]
[SourceTitle "playchess.com"]
[Source "ChessBase"]
[SourceQuality "1"]

{[%evp 21,126,21,35,5,10,4,27,33,27,46,32,35,41,16,23,-16,0,-7,0,0,20,14,64,58,
63,73,70,72,118,65,72,71,52,0,0,0,0,0,0,0,0,0,0,0,0,-14,-31,-30,0,-52,-62,-47,
0,0,-8,-140,-133,-136,-66,-63,-20,-12,0,-10,0,0,12,11,90,0,14,0,0,-24,0,0,0,10,
8,8,107,110,112,127,264,260,248,210,171,8,8,-8,-8,-8,-8,-8,0,0,0,0,0,0,0,-8,-8,
-8,-8]} 1. e4 e5 2. Nf3 Nc6 3. Bb5 Nf6 4. O-O Nxe4 5. d4 Nd6 6. Bxc6 dxc6 7.
dxe5 Nf5 8. Qxd8+ Kxd8 9. h3 Ke8 10. Nc3 {[%cal Bb1c3,Bc3e2,Be2f4,Bf4h5][%mdl
32]} a5 11. Rd1 a4 12. Ne2 {C67: Ruy Lopez: Berlin Defence: 4 0-0 Nxe4.} (12.
Rb1 {is interesting.} h6 13. b4 b5 14. Bf4 Be6 15. a3) 12... Bc5 13. Nf4 Ne7 {
[#]} 14. Bd2 $146 {White has an edge.} ({Predecessor:} 14. c4 Ng6 15. Nh5 Rg8
16. Bh6 Bf8 17. Be3 Be7 18. Rac1 f6 19. exf6 gxf6 20. Ng3 {1/2-1/2 (34)
Profitlich,W (2129)-Hinz,J (1816) GER email 2008}) 14... Nd5 15. Nh5 {Hoping
for c4.} Rg8 16. c4 Nb6 17. Bh6 $40 {[%mdl 128] Black needs to defend
precisely.} Bf8 {[#]} ({Avoid the trap} 17... gxh6 $2 18. Nf6+ Kf8 19. Rd8+ Ke7
20. Rxg8 $18) 18. b3 $1 Bf5 ({Much weaker is} 18... axb3 19. Bg5 $14) (18...
Bxh3 19. gxh3) 19. Be3 Ba3 20. Bd4 c5 21. Bc3 Bc2 22. Re1 axb3 23. axb3 Bxb3
24. e6 Bxc4 25. exf7+ ({Don't do} 25. Nxg7+ Rxg7 26. Bxg7 fxe6 $14) (25. Bxg7
$16 fxe6 26. Re3) 25... Kxf7 $14 26. Ne5+ Kf8 27. Re3 (27. Nf4 $14) 27... Bd5
$11 28. Nf4 {And now Nd7+! would win.} g5 $1 {[%cal Rg5f4]} 29. Nd7+ Kf7 30.
Ne5+ Kf8 31. Nh5 Bb4 32. Rxa8+ Nxa8 33. Nf6 (33. Nd7+ {feels hotter.} Kf7 34.
Bf6 c4 35. Ne5+ Kf8 36. Nd7+) 33... Nb6 34. Nxg8 Kxg8 (34... Bxg8 {looks
sharper.} 35. Ba1 c4 36. Kf1 Bd5 37. Ke2 Bd6) 35. Ba1 ({White should try} 35.
Rg3 $11) 35... c4 $1 $15 36. Rg3 h6 37. h4 Bd2 38. Ng4 (38. hxg5 $11 hxg5 39.
Kf1) 38... gxh4 $17 39. Ra3 Bg5 (39... Kf7 $17 40. Bb2 c5) 40. Be5 c6 (40...
Be6 {seems wilder.} 41. Ne3 Bxe3 42. Rxe3 Nd5 43. Re4 b5) 41. f4 $1 {[%cal
Rf4g5]} Be7 42. Ra7 c5 (42... Kf7 {with more complications.} 43. Rxb7 Ke6 44.
Nxh6 Bf8 45. Rb8 Bxh6 46. Rxb6 Kf5) 43. Nxh6+ Kh7 44. Nf5 Bf8 (44... Bd8 $11 {
remains equal.}) 45. Ne3 (45. Nxh4 $16 Nd7 46. Bc3) 45... Bc6 46. f5 Bh6 47.
Ng4 Nd7 48. Bc3 {With the idea Ra8.} Bg7 49. f6 Bf8 50. Ra8 {aiming for Ne5.}
Kg6 {[#]} (50... Kg8 $11) 51. Ne5+ $1 $16 Nxe5 52. Rxf8 {[%mdl 4096] Endgame
KRB-KBN} Nd7 (52... Nf7 $16) 53. Rg8+ $18 Kf7 54. Rg7+ Kf8 {[#] intending ...
b5.} 55. Rh7 $2 (55. Re7 $1 $18) 55... b5 {The position is equal.} 56. Rxh4 (
56. Re7 {is more complex.} Kg8 57. Be5 Nxe5 58. Rxe5 Kf7 59. Rxc5 Be4 60. Re5)
56... b4 57. Bxb4 cxb4 58. Rxc4 Bd5 59. Rxb4 Nxf6 60. g4 Kf7 61. g5 {Strongly
threatening Rf4.} Ne4 62. g6+ Kxg6 63. Rxe4 Bxe4 {Weighted Error Value:
White=0.16/Black=0.17} 1/2-1/2

[Event "GCT Croatia Blitz 2021"]
[Site "Zagreb"]
[Date "2021.07.10"]
[Round "3"]
[White "Duda, Jan-Krzysztof"]
[Black "Kasparov, Garry"]
[Result "1-0"]
[WhiteElo "2738"]
[BlackElo "2812"]
[Annotator "TA"]
[PlyCount "51"]
[EventDate "2021.07.10"]
[EventType "tourn"]
[EventCountry "CRO"]
[SourceTitle "playchess.com"]
[Source "ChessBase"]
[SourceQuality "1"]

{[%evp 17,51,52,57,51,71,39,44,46,95,88,126,113,119,113,104,126,123,87,85,83,
81,81,95,70,64,66,70,72,76,70,81,75,113,117,346,352]} 1. e4 c5 2. Nf3 d6 3. d4
cxd4 4. Nxd4 Nf6 5. Nc3 a6 6. Bg5 e6 7. f4 Qc7 8. Bxf6 gxf6 9. Qf3 b5 10. a3 {
10.0-0-0 is the hot move. B96: Sicilian Najdorf: 6 Bg5 e6 7 f4, lines other
than 7...Qb6 and 7...Be7.} Nc6 11. O-O-O $5 {[%mdl 4] Exploring less charted
territory.} Nxd4 12. Rxd4 {White is slightly better.} Rb8 13. Be2 {[#]} Bd7
$146 ({Predecessor:} 13... Be7 14. Rhd1 h5 15. f5 Qc5 16. Qh3 h4 17. Bg4 e5 18.
Rd5 Qb6 19. R5d3 Bb7 {0-1 (34) Alonso,S (2437)-Kovalyov,A (2548) La Plata 2008}
) 14. f5 Qc5 15. Rhd1 Qe5 16. Qh5 Be7 17. fxe6 Bxe6 18. Nd5 Qxh5 19. Bxh5 Rg8
20. Nc7+ Kd8 21. Nxa6 Rb6 22. Nb4 {Hoping for g3.} Rxg2 23. R4d2 Rxd2 24. Kxd2
f5 25. exf5 Bg5+ $2 {[#]} (25... Bxf5 $16 {keeps fighting.} 26. Bxf7 Bg5+ 27.
Kc3 Rb7) 26. Ke2 {Weighted Error Value: White=0.07/Black=0.19} 1-0

[Event "GCT Croatia Blitz 2021"]
[Site "Zagreb"]
[Date "2021.07.10"]
[Round "3"]
[White "Van Foreest, Jorden"]
[Black "Mamedyarov, Shakhriyar"]
[Result "0-1"]
[WhiteElo "2688"]
[BlackElo "2782"]
[Annotator "TA"]
[PlyCount "94"]
[EventDate "2021.07.10"]
[EventType "tourn"]
[EventCountry "CRO"]
[SourceTitle "playchess.com"]
[Source "ChessBase"]
[SourceQuality "1"]

{[%evp 12,94,45,40,42,37,50,41,36,36,50,40,68,0,0,0,0,1,0,0,0,9,11,17,18,0,24,
23,73,0,0,-24,-21,-27,-20,-36,-36,-36,-36,-43,-38,-36,-22,-33,-5,-6,-7,-15,-18,
-41,-41,-46,-40,-40,-40,-40,-44,-113,-118,-114,-112,-190,-179,-329,-320,-297,
-77,-300,-277,-237,-219,-554,-471,-1551,-1487,-2207,-2919,-29946,-9671,-2427,
-4412,-29975,-5624,-4778,-2522]} 1. e4 e5 2. Nf3 d6 3. d4 exd4 4. Nxd4 Nf6 5.
Nc3 g6 6. Bg5 Bg7 7. Qd2 h6 {7...0-0 is not played anymore. C41: Philidor
Defence.} 8. Bf4 Nc6 9. Bb5 Bd7 {White is slightly better.} 10. Bxc6 bxc6 {[#]}
11. O-O-O $146 ({Predecessor:} 11. O-O c5 12. Nf3 Nh5 13. Be3 Rb8 14. e5 Bg4
15. exd6 cxd6 16. Rfe1 O-O 17. Bxh6 Bxf3 18. Bxg7 Kxg7 19. gxf3 {1/2-1/2 (57)
Erdogdu,M (2396)-Shevchenko,K (2599) Chess.com INT 2021}) 11... c5 12. Nf3 (12.
Nb3 $1 $14) 12... g5 $11 13. Bg3 {Black must now prevent e5.} Nh5 14. e5 Nxg3
15. hxg3 g4 $1 {[%cal Rg4f3]} 16. Ne1 Bxe5 17. Nd3 Bg7 18. Rhe1+ Be6 19. Nf4
Qg5 20. Nxe6 (20. Nb5 $16 O-O 21. Nxc7) 20... Qxd2+ 21. Rxd2 fxe6 22. Rxe6+ Kd7
23. Rg6 Rag8 {aiming for ...Bxc3.} 24. Kd1 Bxc3 25. Rxg8 Rxg8 26. bxc3 $15 {
[%mdl 4096] Endgame KR-KR} Rf8 27. Re2 d5 28. c4 c6 29. cxd5 cxd5 30. Ke1 Kd6
31. Re3 a5 32. Ra3 Ra8 33. Rb3 Kc6 34. a4 {[#]} (34. Kd2 $15) 34... Re8+ $1 $17
35. Kd2 Re4 36. Rb8 {[#]} (36. Ra3 $17 {was forced.}) 36... Rd4+ $1 $19 37. Kc1
(37. Kc3 $142) 37... Rxa4 38. Rh8 c4 $2 (38... Ra1+ $19 {is more deadly.} 39.
Kb2 Rg1) 39. Rxh6+ $2 {This costs White the game.} (39. Kb2 $17 {was the only
defense.}) 39... Kc5 40. Kb2 {Black should prevent c3.} Rb4+ 41. Ka3 $2 (41.
Kc1 {is tougher.}) 41... c3 42. Rg6 (42. Ra6 $142 Rb2 43. Rxa5+ Kd4 44. Ra4+
Ke5 45. f4+ Kf5 46. Rd4) 42... Rb2 43. Rxg4 d4 44. Rg8 Rxc2 45. Rc8+ Kd5 46.
Kb3 Rb2+ 47. Ka3 Rxf2 {Weighted Error Value: White=0.80/Black=0.16} 0-1

[Event "GCT Croatia Blitz 2021"]
[Site "Zagreb"]
[Date "2021.07.10"]
[Round "4"]
[White "Mamedyarov, Shakhriyar"]
[Black "Grischuk, Alexander"]
[Result "0-1"]
[WhiteElo "2782"]
[BlackElo "2778"]
[Annotator "TA"]
[PlyCount "112"]
[EventDate "2021.07.10"]
[EventType "tourn"]
[EventCountry "CRO"]
[SourceTitle "playchess.com"]
[Source "ChessBase"]
[SourceQuality "1"]

{[%evp 9,112,0,0,0,29,0,16,0,4,6,14,10,53,41,34,35,45,28,35,29,24,-13,-12,-41,
-14,-51,0,-51,-40,-43,-25,-71,-68,-70,-31,-66,-57,-75,-69,-89,-29,-47,-22,-54,
-75,-62,-58,-59,-48,-55,-62,-89,-88,-111,-90,-126,-131,-125,-145,-142,-83,-249,
-233,-327,-321,-358,-354,-423,-411,-413,-267,-373,-368,-420,-415,-410,-391,
-356,-327,-726,-726,-790,-732,-1212,-949,-4133,-2200,-8556,-5206,-7482,-7626,
-2848,-1548,-1493,-1268,-5791,-2219,-2712,-2539,-2324,-2044,-12348,-5697,-6475,
-5862]} 1. d4 d5 2. c4 e6 3. Nf3 Nf6 4. Nc3 a6 5. c5 b6 6. cxb6 {D37: Queen's
Gambit Declined: 5 Bf4.} c5 {[#]} 7. g3 $146 (7. Qb3 $5 {[%cal Rb6b7]} Bd7 8.
e4 $11) ({Predecessor:} 7. Bf4 Qxb6 8. Na4 Qb5 9. Nxc5 Bxc5 10. dxc5 Nbd7 11.
e3 Qxc5 12. Bd3 Qb4+ 13. Qd2 {1-0 (41) Mishra,A (2424)-Farago,I (2340)
Budapest 2021}) 7... Nbd7 8. Bg2 {The position is equal.} Nxb6 9. O-O Bb7 10.
Bg5 Nbd7 11. Ne5 cxd4 12. Nxd7 Qxd7 13. Bxf6 gxf6 14. Qxd4 Bg7 15. Rfd1 O-O $1
16. e4 {[%cal Re4d5]} f5 17. e5 Rfc8 ({Better is} 17... Rac8 $15) 18. Bf1 (18.
Na4 $11) 18... Qc7 $15 19. Re1 Qc5 20. Rad1 Qxd4 21. Rxd4 a5 22. Bb5 Ba6 23.
Bxa6 Rxa6 24. Re2 Bf8 ({Black should play} 24... f6 $17 25. f4 fxe5 26. fxe5
Rb6) 25. Kg2 Bb4 26. Nb5 Rb6 27. a4 Rbc6 28. g4 $1 fxg4 29. Rxg4+ Kf8 30. Rh4
Rc2 $36 {[%mdl 2048] Black is on the roll.} 31. Re3 R8c4 32. Rxh7 Rf4 ({But not
} 32... Rxb2 $6 33. Rf3 $11) 33. Rf3 Rxf3 34. Kxf3 $17 {[%mdl 4096] Endgame
KRB-KRN} Bc5 (34... Be1 $142 35. b3 Kg8) 35. Nd6 $2 {This move loses the game
for White.} (35. Rh8+ $17 {was the only chance.} Kg7 36. Rc8 Rxf2+ {[%mdl 64]
Double Attack} 37. Kg3) 35... Kg8 $19 ({Don't play} 35... Rxf2+ 36. Kg3) 36.
Rh4 (36. Rh5 {was called for.} Rxf2+ 37. Kg3) 36... Rxf2+ 37. Kg3 Rxb2 {
[#] Threatens to win with ...Bf2+.} 38. Rg4+ Kf8 39. h4 Ke7 40. h5 Rb3+ 41. Kg2
Bxd6 42. exd6+ Kxd6 {KR-KR} 43. Rg8 f5 44. Rd8+ $2 (44. h6 Rb7 45. Rg7) 44...
Ke5 {Black is clearly winning.} 45. Ra8 Rb7 46. Kg3 Rg7+ 47. Kh3 Kf4 48. Rxa5
Rg3+ 49. Kh4 Rg1 {[%cal Rg1h1] [#]} 50. Kh3 Rh1+ 51. Kg2 Rxh5 52. Ra8 Rh7 (
52... e5 $142 53. Rd8 d4) 53. a5 Rb7 54. a6 Rb2+ 55. Kh3 Ra2 56. a7 e5 {
Weighted Error Value: White=1.04/Black=0.32} 0-1

[Event "GCT Croatia Blitz 2021"]
[Site "Zagreb"]
[Date "2021.07.10"]
[Round "4"]
[White "Giri, Anish"]
[Black "Van Foreest, Jorden"]
[Result "1/2-1/2"]
[WhiteElo "2776"]
[BlackElo "2688"]
[Annotator "TA"]
[PlyCount "97"]
[EventDate "2021.07.10"]
[EventType "tourn"]
[EventCountry "CRO"]
[SourceTitle "playchess.com"]
[Source "ChessBase"]
[SourceQuality "1"]

{[%evp 9,97,27,45,27,24,33,26,33,34,28,32,23,35,32,29,25,22,25,25,24,31,18,22,
0,0,0,0,0,41,38,37,37,33,28,21,29,26,14,25,19,15,0,0,0,17,15,31,0,0,0,0,0,0,0,
0,-11,0,-5,-6,-8,0,-4,0,0,0,-15,0,0,0,0,0,0,0,0,0,0,0,0,0,0,0,0,0,0,0,0,0,0,0,
0]} 1. Nf3 d5 2. d4 Nf6 3. c4 e6 4. Nc3 h6 5. Bf4 a6 6. cxd5 {D37: Queen's
Gambit Declined: 5 Bf4.} exd5 7. e3 Bd6 8. Bxd6 {White has an edge.} Qxd6 9.
Bd3 O-O 10. h3 c6 11. O-O Nbd7 12. Qc2 Re8 {[#]} 13. Rad1 $146 ({Predecessor:} 
13. Nh4 Qe7 14. Nf5 Qe6 15. Ne2 Nb6 16. Qc5 Nfd7 17. Qb4 {1-0 (63) Petrovic,T 
(1830)-Rajcic,A Pozarevac 2015}) 13... Qe7 14. Nd2 Nf8 15. Na4 Ne6 16. Rde1 Ng5
17. f4 Nge4 18. Nxe4 Nxe4 (18... dxe4 {feels hotter.} 19. Be2 Be6 20. a3 Rad8
21. Nc5 Bc8) 19. Bxe4 Qxe4 20. Qxe4 Rxe4 21. f5 Rb8 22. g4 b6 23. Nc3 Re8 24.
e4 dxe4 25. Nxe4 Rd8 26. Rf4 c5 27. dxc5 bxc5 28. b3 Rb4 {The position is
equal.} 29. Rf2 c4 30. Rd2 Rxd2 31. Nxd2 cxb3 $1 32. axb3 $11 {[%mdl 4096] [#]
Endgame Threatens to win with Re8+. KRB-KRN} Kf8 33. Re3 (33. Re4 $5 {[%cal
Re4b4]} Rb5 34. Re3 $11) 33... h5 34. Nc4 hxg4 35. hxg4 Bb7 36. Kf2 Bd5 37. Nd6
{[%csl Gd6][%cal Re3e8] [#]} Rb8 (37... Kg8 {with more complications.} 38. g5
Bxb3 39. Re8+ Kh7 40. Ra8 Rb6) 38. b4 Bc6 (38... Rd8 $5 39. Ne4 $8 Bc6 $11) 39.
Rc3 Bd7 40. Rc7 Be8 41. Ra7 Rb6 42. Nxe8 Kxe8 {KR-KR} 43. Kg3 (43. g5 {is more
complex.} Rxb4 44. Rxa6 Rb5 45. f6 Rb2+ 46. Kg3) 43... Rxb4 44. Rxa6 f6 45. Ra7
Kf8 46. Ra8+ Kf7 47. Ra7+ Kf8 48. Ra8+ Kf7 49. Ra7+ {Weighted Error Value:
White=0.04/Black=0.03} 1/2-1/2

[Event "GCT Croatia Blitz 2021"]
[Site "Zagreb"]
[Date "2021.07.10"]
[Round "4"]
[White "Anand, Viswanathan"]
[Black "Kasparov, Garry"]
[Result "1-0"]
[WhiteElo "2753"]
[BlackElo "2812"]
[Annotator "TA"]
[PlyCount "59"]
[EventDate "2021.07.10"]
[EventType "tourn"]
[EventCountry "CRO"]
[SourceTitle "playchess.com"]
[Source "ChessBase"]
[SourceQuality "1"]

{[%evp 17,59,53,54,53,62,52,50,45,58,42,61,48,77,62,62,45,53,47,110,93,83,64,
107,50,138,133,139,64,56,42,13,0,47,38,310,-33,77,68,189,195,172,164,176,133]} 
1. e4 c5 2. Nf3 d6 3. d4 cxd4 4. Nxd4 Nf6 5. Nc3 a6 6. Bg5 e6 7. f4 Qc7 8. Bxf6
gxf6 9. Qf3 b5 10. a3 {10.0-0-0 is the hot move. B96: Sicilian Najdorf: 6 Bg5
e6 7 f4, lines other than 7...Qb6 and 7...Be7.} Nc6 11. O-O-O $5 {[%mdl 4] An
interesting side line.} Nxd4 12. Rxd4 {White is slightly better.} Qc5 {[#]} 13.
Rd3 $146 ({Predecessor:} 13. Qd1 Bb7 14. Kb1 h5 15. Be2 Ke7 16. Bf3 Bc6 17. Re1
Bh6 18. Nd5+ Bxd5 19. exd5 {1-0 (29) Mikhedov,K (2224)-Sergeev,A (2400)
Serpukhov 2004}) 13... Rb8 14. b4 Qa7 15. f5 a5 16. Na2 Be7 17. Be2 h5 (17...
Bd7 $14) 18. Kb1 Bd7 19. Rhd1 h4 20. bxa5 (20. Qg4 $16 Kf8 21. Qh3) 20... Qxa5
(20... b4 $1 $14) 21. Nb4 $16 Rc8 22. Qg4 (22. Rxd6 $16 Bxd6 23. Rxd6) 22...
Kf8 $14 23. fxe6 Bxe6 24. Qf3 Rc5 25. Qe3 $40 {[%mdl 128] White attacks.} f5 $2
{[%mdl 8192] [#]} (25... Rh7 $14) 26. Bf3 $2 ({White has to play} 26. Rxd6 $18
Bxd6 27. Rxd6) 26... fxe4 (26... Bf6 $15 {keeps the upper hand.}) 27. Bxe4 $16
{Threatens to win with Bd5.} Rc4 (27... Rhh5 $14) 28. Bd5 $18 {White is
clearly better.} Bf6 {[#] Strongly threatening ...Rxb4+.} 29. Bxc4 bxc4 30.
Rxd6 {Weighted Error Value: White=0.47/Black=0.49} 1-0

[Event "GCT Croatia Blitz 2021"]
[Site "Zagreb"]
[Date "2021.07.10"]
[Round "4"]
[White "Vachier-Lagrave, Maxime"]
[Black "Nepomniachtchi, Ian"]
[Result "1-0"]
[WhiteElo "2749"]
[BlackElo "2792"]
[Annotator "TA"]
[PlyCount "59"]
[EventDate "2021.07.10"]
[EventType "tourn"]
[EventCountry "CRO"]
[SourceTitle "playchess.com"]
[Source "ChessBase"]
[SourceQuality "1"]

{[%evp 17,59,0,32,0,0,0,0,0,0,0,0,0,0,0,0,0,67,61,31,10,68,56,91,37,26,31,129,
137,448,432,431,436,508,508,922,922,1080,1050,1002,908,1074,1026,1014,939]} 1.
e4 c5 2. Nf3 d6 3. d4 cxd4 4. Nxd4 Nf6 5. Nc3 a6 6. Be2 e5 7. Nb3 Be7 8. O-O
O-O 9. Qd3 Be6 10. Bd2 {The modern move. B92: Sicilian Najdorf: 6 Be2.} Nc6 11.
Nd5 a5 12. a4 {The position is equal.} Bxd5 13. exd5 Nb4 14. Bxb4 axb4 15. a5
Qd7 16. Nd2 Rfc8 (16... Qc7 $11) 17. Nc4 $1 $14 {[%cal Rc4b6]} Bd8 {[#]} 18.
Rfd1 $146 ({Predecessor:} 18. Qb3 e4 19. Rfd1 Rc5 20. Qxb4 h6 21. g3 Nh7 22.
Qe1 Ng5 23. b3 Bf6 24. Ra2 Re8 25. Qf1 Bd4 26. Rxd4 {1-0 (26) Skripkin,
V-Mrkvicka,F ICCF email 2012}) 18... Rc5 (18... Ra7 $11) 19. Qb3 $1 Rac8 ({
Of course not} 19... Bxa5 $6 {[#]} 20. Nb6 $1 $16 {[%mdl 512]}) 20. a6 ({
Better is} 20. Qxb4 $16 Nxd5 21. Qe1) 20... bxa6 21. Rxa6 Qb5 ({Black should
try} 21... Bc7 $14) 22. Rxd6 $16 Bc7 $2 {[%mdl 8192] [#] Loses the game.} (
22... g6 $16 23. Bf1 Qb7) 23. Rxf6 $1 $18 {[%mdl 512] White is clearly winning.
} gxf6 24. d6 {Hoping for Nxe5.} Bd8 {[%cal Rc5c4]} 25. d7 {Black must now
prevent Nxe5.} R8c6 {[#]} (25... Ra8 $142 26. Nxe5 {[%mdl 64] Discovered Attack
} Rd5 27. Qxd5 (27. Bxb5 Rxd1+ 28. Bf1 fxe5 $18) (27. Rxd5 Qxe2 28. h3 fxe5 $17
) 27... Qxd5 28. Rxd5 Ra1+ 29. Bf1 fxe5 30. Rxe5 Bh4) 26. Nxe5 $1 {[%mdl 576]
Discovered Attack} fxe5 (26... Rd5 27. Nxf7) 27. Bxb5 Rxb5 28. g3 Kf8 29. c4
Rb7 30. Qe3 {Weighted Error Value: White=0.06/Black=0.52} 1-0

[Event "GCT Croatia Blitz 2021"]
[Site "Zagreb"]
[Date "2021.07.10"]
[Round "4"]
[White "Korobov, Anton"]
[Black "Duda, Jan-Krzysztof"]
[Result "0-1"]
[WhiteElo "2683"]
[BlackElo "2738"]
[Annotator "TA"]
[PlyCount "34"]
[EventDate "2021.07.10"]
[EventType "tourn"]
[EventCountry "CRO"]
[SourceTitle "playchess.com"]
[Source "ChessBase"]
[SourceQuality "1"]

{[%evp 9,34,0,3,-9,-3,0,-7,-20,0,10,22,14,7,-171,-177,-257,-251,-218,-220,-365,
-368,-363,-367,-362,-364,-357,-348]} 1. d4 d5 2. c4 c6 3. Nc3 Nf6 4. cxd5 cxd5
5. Bg5 Ne4 6. Nxe4 {D10: Slav Defence: 3 cxd5 (without early Nf3) and 3 Nc3.}
dxe4 7. a3 Be6 $5 {[%mdl 4] An interesting side line.} 8. Qd2 {The position is
equal.} Nc6 9. e3 Qd5 {[#]} 10. h4 $146 ({Predecessor:} 10. Bf4 g5 11. Bg3 f5
12. Ne2 Bg7 13. Nc3 Qa5 14. Bb5 O-O 15. O-O Rad8 16. h3 {1-0 (52) Perelshteyn,
E (2533)-Bonin,J (2296) Philadelphia 2011}) 10... Na5 $36 {[%mdl 2048] [#] And
now ...Nb3 would win. Black has the initiative.} 11. Qb4 (11. Rd1 $11 {and
White is okay.}) 11... Bd7 $19 12. Rc1 (12. Qc5 $142 Qxc5 13. dxc5) 12... e5
13. Qc3 h6 14. dxe5 (14. b4 $142) 14... hxg5 {Black is winning.} 15. Rd1 Qc5
16. Qxc5 Bxc5 17. b4 Bb6 {White did not feel at home in the position after the
opening.  Weighted Error Value: White=0.55/Black=0.03} ({Less strong is} 17...
gxh4 18. bxa5 Bxa3 19. Rb1 $17) (17... Rxh4 18. Rxh4 gxh4 19. bxc5 $17) 0-1

[Event "GCT Croatia Blitz 2021"]
[Site "Zagreb"]
[Date "2021.07.10"]
[Round "5"]
[White "Kasparov, Garry"]
[Black "Korobov, Anton"]
[Result "0-1"]
[WhiteElo "2812"]
[BlackElo "2683"]
[Annotator "TA"]
[PlyCount "52"]
[EventDate "2021.07.10"]
[EventType "tourn"]
[EventCountry "CRO"]
[SourceTitle "playchess.com"]
[Source "ChessBase"]
[SourceQuality "1"]

{[%evp 16,52,20,23,27,12,25,0,2,0,4,0,26,0,129,-18,-17,-11,8,-25,-14,-71,-68,
-61,-54,-87,-92,-112,-56,-86,-91,-152,-150,-130,-131,-167,-155,-491,-425]} 1.
c4 e6 2. d4 d5 3. Nf3 Nf6 4. e3 Be7 5. Bd3 O-O 6. b3 b6 7. O-O Bb7 8. Bb2 Nbd7
9. Nc3 a6 $1 {[%mdl 4] outshines the older 9...c5. E14: Queen's Indian:
Classical Variation (4 e3).} 10. Rc1 Bd6 11. cxd5 exd5 {The position is equal.}
12. Ne2 Re8 13. Ng3 Ne4 $5 {[%mdl 4] Leaves trodden paths.} 14. Qc2 {[#]} Nxg3
$5 $146 {[%mdl 8] New and interesting.} (14... Rc8 $11) ({Predecessor:} 14...
Qf6 15. Ne5 Nxe5 16. dxe5 Bxe5 17. Bxe5 Rxe5 18. Bxe4 dxe4 19. Qxc7 Re7 20. Qc2
g6 {1/2-1/2 (42) Arutinian,D (2586)-Almasi,Z (2668) Mainz 2008}) 15. hxg3 ({
Reject} 15. fxg3 $6 g6 $11) ({White has to play} 15. Bxh7+ $16 Kh8 16. fxg3 (
16. hxg3 g6 $11)) 15... Nf6 $11 16. Ne5 Qe7 17. b4 Ne4 18. b5 (18. a3 $11 {
keeps the balance.}) 18... axb5 $17 19. Bxb5 Rec8 20. Nc6 Qg5 21. a4 h5 (21...
Re8 $17 22. Ne5 Re6) 22. Qe2 h4 23. gxh4 (23. g4 $142) 23... Qxh4 {[%csl Gd6]
[%cal Rh4h2]} 24. g3 Qg5 25. Rc2 {[#]} Re8 $1 {Threatens to win with ...Nxg3!}
26. Kg2 (26. Qf3 $17 {is a better chance.}) 26... Re6 {Weighted Error Value:
White=0.51/Black=0.23} 0-1